| 000 | 00742nam a2200229 b 4500 | ||
|---|---|---|---|
| 003 | OSt | ||
| 005 | 20151109105704.0 | ||
| 008 | 001106s2000 sp | ||| ||spa | ||
| 020 | _a84-95501-94-5 | ||
| 040 |
_aSpMaBN _bspa _cBMC _erdc |
||
| 082 | _a928.254 | ||
| 100 | 1 |
_aGibran, Gibran Jalil _d1883-1931 _932786 |
|
| 245 | 1 | 0 |
_aCartas de amor del profeta _cKahlil Gibran ; [adaptación de Paulo Coelho ; traducción, Roser López Montero] |
| 250 | _a1ª ed | ||
| 260 |
_aBarcelona _bSuma de Letras _c2000 |
||
| 300 |
_a111 p. _c19 cm |
||
| 490 | 0 | _aBiblioteca de bolsillo | |
| 600 | 2 | 4 |
_aGibran, Kahlil _d1883-1931 _vCorrespondencia _936884 |
| 700 | 1 |
_aCoelho, Paulo _930970 |
|
| 700 | 1 |
_aLópez Montero, Roser _937298 |
|
| 942 |
_2ddc _cBK |
||
| 999 |
_c23142 _d23142 |
||